000
00266nam a2200109Ia 4500
008
190216s9999||||xx |||||||||||||| ||und||
100
_a
Gupta Sl & Sumitra Pal
245
0
_a
Consumer Behaviour
260
_b
Sulthan Chand&Sons
_c
2001
300
_a
543p
942
_c
BK
999
_c
5978
_d
5978